000 00301nam a22001217a 4500
008 260424b |||||||| |||| 00| 0 eng d
082 _a001296
100 _aPenna, Madhusudhan
245 _aThe Yoga Upanisad's
260 _aDelhi
_bNew Bharatiya Book Corporation
_c2019
300 _a825p
942 _2ddc
999 _c1321
_d1321